Eastern Utah Libraries Catalog: Duchesne, Heber, Roosevelt, & Vernal

The Mayan secrets (Record no. 245355)

MARC details
000 -LEADER
fixed length control field 02277cim a2200589Ia 4500
001 - CONTROL NUMBER
control field ocn858310327
003 - CONTROL NUMBER IDENTIFIER
control field OCoLC
005 - DATE AND TIME OF LATEST TRANSACTION
control field 20210625095851.0
007 - PHYSICAL DESCRIPTION FIXED FIELD--GENERAL INFORMATION
fixed length control field sd fungnnmmned
008 - FIXED-LENGTH DATA ELEMENTS--GENERAL INFORMATION
fixed length control field 130607s2013 mdunnn f n eng d
020 ## - INTERNATIONAL STANDARD BOOK NUMBER
International Standard Book Number 9781470382094
020 ## - INTERNATIONAL STANDARD BOOK NUMBER
International Standard Book Number 1470382091
028 01 - PUBLISHER NUMBER
Publisher number C02506
Source Recorded Books
035 ## - SYSTEM CONTROL NUMBER
System control number (OCoLC)858310327
Canceled/invalid control number (OCoLC)857902585
035 ## - SYSTEM CONTROL NUMBER
System control number 1154234
040 ## - CATALOGING SOURCE
Original cataloging agency RECBX
Language of cataloging eng
Transcribing agency RECBX
Modifying agency IK6
-- UPZ
-- IH9
-- BIB
-- IZ8
-- DUNPL
-- DAD
Description conventions rda
092 ## - LOCALLY ASSIGNED DEWEY CALL NUMBER (OCLC)
Classification number CDB
100 1# - MAIN ENTRY--PERSONAL NAME
Personal name Cussler, Clive.
9 (RLIN) 14580
245 14 - TITLE STATEMENT
Title The Mayan secrets
Medium [sound recording] /
Statement of responsibility, etc Clive Cussler and Thomas Perry.
246 ## - VARYING FORM OF TITLE
Remainder of title Fargo Adventures
246 ## - VARYING FORM OF TITLE
Remainder of title Fargo Adventures Book Five
246 ## - VARYING FORM OF TITLE
Remainder of title Fargo Adventures Book 5
250 ## - EDITION STATEMENT
Edition statement Unabridged.
260 ## - PUBLICATION, DISTRIBUTION, ETC. (IMPRINT)
Place of publication, distribution, etc Prince Frederick, MD :
Name of publisher, distributor, etc Recorded Books,
Date of publication, distribution, etc [2013], p2013.
264 #1 - Production, Publication, Distribution, Manufacture, and Copyright Notice.
Place of production, publication, distribution, manufacture Prince Frederick, MD :
Name of producer, publisher, distributor, manufacturer Recorded Books,
Date of production, publication, distribution, manufacture, or copyr [2013], p2013.
300 ## - PHYSICAL DESCRIPTION
Extent 9 sound discs (10 hr.) :
Other physical details digital ;
Dimensions 4 3/4 in.
306 ## - PLAYING TIME
Playing time 110000.
336 ## - Content Type
Content type term spoken word
337 ## - Media type
Media type term audio
338 ## - Carrier type
Carrier type term audio disc
490 1# - SERIES STATEMENT
Series statement A Fargo adventure ;
Volume number/sequential designation bk. 5.
500 ## - GENERAL NOTE
General note Text version copyright 2013.
500 ## - GENERAL NOTE
General note Title from container.
500 ## - GENERAL NOTE
General note Compact disc.
500 ## - GENERAL NOTE
General note Release date supplied by publisher.
500 ## - GENERAL NOTE
General note Recording originally produced by Penguin Audio, p2013.
500 ## - GENERAL NOTE
General note In container (17 cm.).
500 ## - GENERAL NOTE
General note "With tracks every 3 minutes for easy book marking"--Container.
508 ## - CREATION/PRODUCTION CREDITS NOTE
Creation/production credits note Produced and directed by John McElroy.
511 0# - PARTICIPANT OR PERFORMER NOTE
Participant or performer note Narrated by Scott Brick.
520 ## - SUMMARY, ETC.
Summary, etc While vacationing in Mexico, Sam and Remi Fargo discover a skeleton with an ancient Mayan book, full of secrets and information so powerful, many people who do anything to possess it.
650 #0 - SUBJECT ADDED ENTRY--TOPICAL TERM
Topical term or geographic name as entry element Archaeologists
Form subdivision Fiction.
9 (RLIN) 5674905
650 #0 - SUBJECT ADDED ENTRY--TOPICAL TERM
Topical term or geographic name as entry element Treasure troves
Form subdivision Fiction.
9 (RLIN) 5686602
655 #7 - INDEX TERM--GENRE/FORM
Genre/form data or focus term Action and adventure fiction.
Source of term lcgft.
9 (RLIN) 5687309
655 #7 - INDEX TERM--GENRE/FORM
Genre/form data or focus term Thrillers (Fiction)
Source of term lcgft.
9 (RLIN) 5697221
655 #7 - INDEX TERM--GENRE/FORM
Genre/form data or focus term Audiobooks.
Source of term lcgft.
9 (RLIN) 5780417
700 1# - ADDED ENTRY--PERSONAL NAME
Personal name Perry, Thomas,
Dates associated with a name 1947-
9 (RLIN) 16313
700 1# - ADDED ENTRY--PERSONAL NAME
Personal name Brick, Scott.
Relator code nrt.
9 (RLIN) 66410
800 1# - SERIES ADDED ENTRY--PERSONAL NAME
Personal name Cussler, Clive.
Title of a work Fargo adventures ;
Volume/sequential designation bk. 5.
9 (RLIN) 5689892
907 ## - LOCAL DATA ELEMENT G, LDG (RLIN)
a .b311698748
942 ## - ADDED ENTRY ELEMENTS (KOHA)
Source of classification or shelving scheme Dewey Decimal Classification
Koha item type Audiobook on CD
Holdings
Withdrawn status Lost status Source of classification or shelving scheme Materials specified (bound volume or other part) Damaged status Not for loan Collection code Home library Current library Shelving location Date acquired Source of acquisition Cost, normal purchase price Total Checkouts Full call number Barcode Date last seen Date checked out Cost, replacement price Price effective from Koha item type
    Dewey Decimal Classification .CIRCNOTE. adj, for vacation     Audiobooks Wasatch County Library Wasatch County Library Second Floor 09/18/2013   123.75 32 CD Cus 34301001247925 03/07/2024 07/02/2021 123.75 03/20/2020 Audiobook on CD
This project was made possible through a grant from the Institute of Museum and Library Service administered by the Utah State Library Division.

Wasatch County Library

  • 465 East 1200 South, Heber City, Utah 84032
  • Phone 435-654-1511 | Fax 435-654-6456

Hours

  • Monday - Friday 9:30 AM - 8:00 PM
  • Saturday 9:30 AM - 1:30 PM
  • Closed Sundays and Holidays